00314nam a2200145Ia 4500008004100000020001500041041001200056082001100068100001700079245001300096250000800109260002900117300000800146650001400154221030s9999 xx 000 0 und d a8183331637 aEnglish a105.23 aY. Kanethkar 0aLet Us C a9th bBPB PubaNew Delhic2009 a758 aComputers